LDR 00634naa#a2200181#i#450# 001 EN\INFRA-M\bibl\117194 005 20260701123436.3 011 ## _a2500-333X 100 ## _a20260618b2026####ek#y0engy0150####ca 102 ## _aRU 200 1# _aFoster family as an institution of social protection of childhood: historical and legal analysis _eJournal article 210 1# _aMoscow _cINFRA-M Academic Publishing LLC. _d2026 215 ## _a4 с. 608 ## _aJournal article _2local 675 ## _aПраво. Юридические науки. 34 _z 700 #1 _aLitovchenko _gTat'yana Aleksandrovna 700 #1 _aTurchenyuk _gElizaveta Petrovna 856 4# _anaukaru.ru _u